Normal view
MARC view
- Nazar, Zahra
Entry Personal Name
001 - CONTROL NUMBER
- control field: 16142
003 - CONTROL NUMBER IDENTIFIER
- control field: NUST
005 - DATE AND TIME OF LATEST TRANSACTION
- control field: 20190701062303.0
008 - FIXED-LENGTH DATA ELEMENTS
- fixed length control field: 190701|| aca||aabn | a|a d
040 ## - CATALOGING SOURCE
- Original cataloging agency: NUST
- Transcribing agency: NUST
100 ## - HEADING--PERSONAL NAME
- Personal name: Nazar, Zahra
670 ## - SOURCE DATA FOUND
- Source citation: Work cat.: (NUST): Nazar, Zahra, Synthesis of Nitrogen Alloyed Steels by Arc Melting Technique for Improved Properties /, 2018.
